| 000 | 00463nam a2200169Ia 4500 | ||
|---|---|---|---|
| 008 | 130318s9999 xx 000 0 und d | ||
| 020 | _a9788131756232 | ||
| 082 | _a005.12 DIK/S | ||
| 100 | _aDikel, David M | ||
| 245 | _aSoftware architecture: Organizational principles and patterns | ||
| 260 |
_bPearson Education _aNew Delhi _c2011 |
||
| 300 | _a281 | ||
| 650 | _aSOFTWARE ARCHITECTURE | ||
| 650 | _aXML | ||
| 700 | _aKane, David | ||
| 700 | _aWilson, James R | ||
| 999 |
_c1985 _d1985 |
||